Normal view MARC view
  • Bhaumik, Sankar Kumar,

Entry Personal Name

Number of records used in: 1

001 - CONTROL NUMBER

  • control field: 39417

003 - CONTROL NUMBER IDENTIFIER

  • control field: OSt

005 - DATE AND TIME OF LATEST TRANSACTION

  • control field: 20160223110519.0

008 - FIXED-LENGTH DATA ELEMENTS

  • fixed length control field: 160223|| aca||aabn | a|a d

040 ## - CATALOGING SOURCE

  • Original cataloging agency: OSt

100 10 - HEADING--PERSONAL NAME

  • Personal name: Bhaumik, Sankar Kumar,
  • Dates associated with a name: 1956-

400 10 - SEE FROM TRACING--PERSONAL NAME

  • Personal name: Sankar Kumar Bhaumik,
  • Dates associated with a name: 1956-